000 00439 a2200133 4500
005 20250616141748.0
020 _a0 19 572268 x
082 _a338.967 RWE
100 _aRWEYEMAMU, J.
245 _aUnderdevelopment and Industrialization in Tanzania: A study of Perverse Capitalist Industrial Development
260 _aNairobi.
_bOxford University Press,
_c1973.
300 _axiv, 273p.: tables
_b Bibliography & Index
_c22cm.
942 _2ddc
_cBKS
999 _c145
_d145